Cours de phone’tique

Сохранить в:
Библиографические подробности
Формат:
Опубликовано: 1990
Метки: Добавить метку
Нет меток, Требуется 1-ая метка записи!
Thư viện lưu trữ: Mạng thư viện Đại học Đà Nẵng
LEADER 00419nam a22001811a 4500
001 000036585
003 12880
005 20160408151554.0
008 160408s1990 000
082 |a 4P(07) 361-63 
245 |a Cours de phone’tique 
260 |c 1990 
OWN |a LNN 
999 |a From the UDN01 
TYP |a Monograph 
980 |a Mạng thư viện Đại học Đà Nẵng